<?xml version="1.0" encoding="UTF-8"?>
<record
    xmlns:xsi="http://www.w3.org/2001/XMLSchema-instance"
    xsi:schemaLocation="http://www.loc.gov/MARC21/slim http://www.loc.gov/standards/marcxml/schema/MARC21slim.xsd"
    xmlns="http://www.loc.gov/MARC21/slim">

  <leader>02376agaaa2200349   4500</leader>
  <controlfield tag="001">7359</controlfield>
  <controlfield tag="003">IT-RoPAU</controlfield>
  <controlfield tag="005">20220918181228.0</controlfield>
  <controlfield tag="007">d cvaizq</controlfield>
  <controlfield tag="008">50131s9999||||xx ||| |     ||   ||und||</controlfield>
  <datafield tag="040" ind1=" " ind2=" ">
    <subfield code="a">IT-RoPAU</subfield>
    <subfield code="c">IT-RoPAU</subfield>
  </datafield>
  <datafield tag="041" ind1=" " ind2=" ">
    <subfield code="a">ITALIANO</subfield>
  </datafield>
  <datafield tag="100" ind1=" " ind2=" ">
    <subfield code="a">Yuan Zhang</subfield>
    <subfield code="g">Codice regista SPICS: 58927</subfield>
    <subfield code="9">39355</subfield>
  </datafield>
  <datafield tag="130" ind1=" " ind2=" ">
    <subfield code="a">GUERRA DEI FIORI ROSSI (LA)</subfield>
    <subfield code="9">39356</subfield>
  </datafield>
  <datafield tag="240" ind1=" " ind2=" ">
    <subfield code="a">KAN SHANG QU HEN MEI</subfield>
    <subfield code="g">T3676</subfield>
  </datafield>
  <datafield tag="245" ind1=" " ind2=" ">
    <subfield code="a">GUERRA DEI FIORI ROSSI (LA)</subfield>
    <subfield code="c">Prodotto da: Bolun Li Chan Allen -- Sceneggiatura: Dai Ning Yuan Zhang -- Diretto da: Yuan Zhang</subfield>
    <subfield code="p">GUERRA DEI FIORI ROSSI (LA) (Rif. Codice opera principale : H7359)</subfield>
  </datafield>
  <datafield tag="246" ind1=" " ind2=" ">
    <subfield code="a">KAN SHANG QU HEN MEI</subfield>
  </datafield>
  <datafield tag="250" ind1=" " ind2=" ">
    <subfield code="a">Edizione Standard</subfield>
  </datafield>
  <datafield tag="260" ind1=" " ind2=" ">
    <subfield code="a">(CINA - ITALIA)</subfield>
    <subfield code="b">DOWNTOWN PICTURES - BEIJING CENTURY GOOD / Distribuzione: MULTIMEDIA SAN PAOLO</subfield>
    <subfield code="g">"2005 (1&#xB0; ed.: 2007 ; Ed. Lingua Orig.: 2005)"</subfield>
  </datafield>
  <datafield tag="300" ind1=" " ind2=" ">
    <subfield code="a">DVD</subfield>
    <subfield code="b">sonoro, col.</subfield>
    <subfield code="c">92 minuti</subfield>
  </datafield>
  <datafield tag="508" ind1=" " ind2=" ">
    <subfield code="a">"Fotografia: Tao Yang; Montaggio: Quadri Iacopo; Musica: Crivelli Carlo; Sceneggiatura: Dai Ning Yuan Zhang; Scenografia: Tingxiao Huo; Soggetto: Shuo Wang -- Dai Ning"</subfield>
  </datafield>
  <datafield tag="511" ind1=" " ind2=" ">
    <subfield code="a">"Bowen Dong; Yuanyuan Ning; Manyuan Chen; Rui Zhao; Xiaofeng Li; Insegnanti; E; Alunni.."</subfield>
  </datafield>
  <datafield tag="520" ind1=" " ind2=" ">
    <subfield code="a">"IL FILM RACCONTA UN ANNO DELLA VITA DI QUIANG, UN BAMBINO DI 4 ANNI. I GENITORI SONO SPESSO VIA PER LAVORO E SUA NONNA, CHE SI PRENDE CURA DI LUI, STA PER TORNARE A VIVERE IN CAMPAGNA. QUIANG SI DOVRA' ADATTARE A VIVERE IN UN ASILO A TEMPO PIENO DI PECHINO. LA SUA CLASSE E' GIUDATA DA DUE MAESTRE -LA SEVERA SIGNORINA LI E LA SUA ASSISTENTE SIGNORINA TANG, CHE INVECE E' MOLTO PIU' GENTILE E COMPRENSIVA. MA QUIANG E' UN PICCOLO RIBELLE CON DUE OCCHI FURBI E CURIOSI, E NON SI ADATTA ALLA VITA COLLETTIVA DI UN ASILO CINESE, ORGANIZZATA E PIANIFICATA IN OGNI MINIMO DETTAGLIO. CONTENUTI SPECIALI: BACKSTAGE; INTERVISTA A MARCO MULLER DIRETTORE ARTISTICO DEL FESTIVAL INTERNAZIONALE DEL CINEMA DI VENEZIA."</subfield>
  </datafield>
  <datafield tag="538" ind1=" " ind2=" ">
    <subfield code="a">PAL, STEREO</subfield>
  </datafield>
  <datafield tag="546" ind1=" " ind2=" ">
    <subfield code="a">ITALIANO</subfield>
  </datafield>
  <datafield tag="650" ind1=" " ind2=" ">
    <subfield code="a">COMMEDIA</subfield>
    <subfield code="e">DVD-FILM [DVD]</subfield>
    <subfield code="x">Codice MATERIA SPICS: 9947</subfield>
    <subfield code="9">36668</subfield>
  </datafield>
  <datafield tag="700" ind1=" " ind2=" ">
    <subfield code="a">Crivelli Carlo</subfield>
    <subfield code="e">(musica)</subfield>
    <subfield code="g">Codice Musica SPICS: 53900</subfield>
    <subfield code="9">39357</subfield>
  </datafield>
  <datafield tag="700" ind1=" " ind2=" ">
    <subfield code="a">Dai Ning </subfield>
    <subfield code="e">(soggetto)</subfield>
    <subfield code="g">Codice Soggetto 2&#xB0; SPICS: 58929</subfield>
    <subfield code="9">39358</subfield>
  </datafield>
  <datafield tag="700" ind1=" " ind2=" ">
    <subfield code="a">Shuo Wang </subfield>
    <subfield code="e">(soggetto)</subfield>
    <subfield code="g">Codice Soggetto SPICS: 58928</subfield>
    <subfield code="9">39359</subfield>
  </datafield>
  <datafield tag="700" ind1=" " ind2=" ">
    <subfield code="a">Yuan Zhang </subfield>
    <subfield code="e">(regista)</subfield>
    <subfield code="g">Codice regista SPICS: 58927</subfield>
    <subfield code="9">39360</subfield>
  </datafield>
  <datafield tag="942" ind1=" " ind2=" ">
    <subfield code="c">DV</subfield>
    <subfield code="2">ddc</subfield>
  </datafield>
  <datafield tag="999" ind1=" " ind2=" ">
    <subfield code="c">105081</subfield>
    <subfield code="d">105081</subfield>
  </datafield>
  <datafield tag="952" ind1=" " ind2=" ">
    <subfield code="0">0</subfield>
    <subfield code="1">0</subfield>
    <subfield code="4">0</subfield>
    <subfield code="6">H_7359_000000000000000</subfield>
    <subfield code="7">1</subfield>
    <subfield code="a">SPICS</subfield>
    <subfield code="b">SPICS</subfield>
    <subfield code="d">2015-01-31</subfield>
    <subfield code="l">0</subfield>
    <subfield code="o">H7359</subfield>
    <subfield code="r">2015-01-31 00:00:00</subfield>
    <subfield code="w">2015-01-31</subfield>
    <subfield code="y">DV</subfield>
    <subfield code="z">Progr. Ins.: 3582 / N.Vol.:1 / Copie: 1 / Pag.:0 / Copia rara: n.d. / date import: 1.2.2015 / By Epidotti, Trombetti, Vaglietti</subfield>
  </datafield>
</record>
